02506nam a22003017a 450000500170000000800410001702000180005804000070007604100080008308200190009110000270011024500320013725000060016926000230017530000280019836501000022652015100032665000300183665000240186665000180189065000230190865000230193170000270195470000300198194200120201199900190202395201620204220260411113309.0260411b |||||||| |||| 00| 0 eng d a9788126560431 cAL aeng a621.3192bARIP aJos Arrillaga 9261484 aPower system harmonics Ed 2 a2 aDelhibWileyc2016 ax,399pbPBc23.5x18.5cm 2Electronics and Communication EngineeringaVBI-2645b₹746.25c₹d₹995.00e25%f20-02-2026 aHarmonic distortion problems include equipment overheating, motor failures, capacitor failure and inaccurate power metering. The topic of power system harmonics was covered for the first time 20 years ago and the first edition has become a standard reference work in this area. Unprecedented developments in power electronic devices and their integration at all levels in the power system require a new look at the causes and effects of these problems, and the state of hardware and software available for harmonic assessment. Following the successful first edition, this second edition of Power System Harmonics maintains the practical approach to the subject and discusses the impact of advanced power electronic technology on instrumentation, simulation, standards and active harmonic elimination techniques. Features include: A new chapter on modern digital instrumentation techniques. Added sections on active filters and modern distorting devices such as FACTS devices, multilevel conversion, current source, voltage source inverters and turn-OFF-related power electronic devices. References to international standards for harmonics and inter-harmonics. Numerical examples of technique application. Offering a comprehensive understanding of power systems, this book is an asset to power engineers involved in the planning, design and operation of power system generation, transmission and distribution. Researchers and postgraduate students in the field will also benefit from this useful reference. aHarmonic Analysis9261472 aElimination9261473 aFlows9261474 aAssessment9261475 aMonitoring9261476 aArrillaga, Jos9261477 aWatson, Neville R9261478 2ddccBK c241229d241229 00102ddc40708ECE aSEbSEd2026-04-10eVidyarthi Books, Bengaluru-560076g746.25l0o621.3192 ARIPpSE000494r2026-04-11 10:42:30v995.00w2026-02-20yBK